| 000 | 00346nam a2200145Ia 4500 | ||
|---|---|---|---|
| 005 | 20260325234755.0 | ||
| 008 | 260325s9999||||xx |||||||||||||| ||und|| | ||
| 082 | _a720.9 | ||
| 100 | _aKimball, F. | ||
| 245 | 2 |
_aA History of Architecture / _cF. Kimball |
|
| 260 | _bHarper and Brothers | ||
| 300 | _a619 p. | ||
| 650 | _aANTIGUEDAD | ||
| 942 | _cBK | ||
| 999 |
_c6288 _d6288 |
||